Pilot housing project in Central America

Αποθηκεύτηκε σε:
Λεπτομέρειες βιβλιογραφικής εγγραφής
Συγγραφή απο Οργανισμό/Αρχή: United Nations. Department of Economic and Social Affairs
Μορφή: Βιβλίο
Γλώσσα:English
Έκδοση: New York, United Nations, 1973.
Θέματα:
Ετικέτες: Προσθήκη ετικέτας
Δεν υπάρχουν, Καταχωρήστε ετικέτα πρώτοι!

MARC

LEADER 00000nam a2200000Ia 4500
003 003307
005 20221231144002.0
008 140114s1973 us a 000 ||eng d
040 |c cru CEDI 
082 |a 363.582.097.28 U58p 
110 |9 21650  |a United Nations. Department of Economic and Social Affairs. 
245 |a Pilot housing project in Central America 
260 |a New York, United Nations,   |c 1973. 
300 |a  vii, 111 páginas ilustraciones. 28 cm. 
650 |x VIVIENDA - FINANCIACION - AMERICA CENTRAL   |x VIVIENDA - ASPECTOS ECONOMICOS - AMERICA CENTRAL  |9 21651 
942 |2 ddc  |c BK 
999 |c 15202  |d 15202